|
|
|
|
| LEADER |
00000cam a2200000 7i4500 |
| 001 |
0000018679 |
| 005 |
20080610.0 |
| 008 |
080610 |
| 020 |
|
|
|a 8171885489
|
| 090 |
0 |
0 |
|a 338.9
|b RIS
|
| 100 |
1 |
|
|a Rist, Gilbert
|
| 245 |
1 |
4 |
|a The history of development :
|b from western origins to global faith new edition, revised and expanded
|c Gilbert Rist; translated by Patrick Camiller
|
| 260 |
|
|
|a New Delhi :
|b Academic foundation ,
|c 2002
|
| 650 |
|
0 |
|a Economic assistance
|
| 650 |
|
0 |
|a Economic development
|x History
|
| 650 |
|
0 |
|a Sustainable development
|x History
|
| 999 |
|
|
|a 0001022810
|b Book
|c REFERENCE
|e Perbadanan Perpustakaan Awam Johor
|